| 000 | 01237nam a22002417a 4500 | ||
|---|---|---|---|
| 005 | 2011021407497.0 | ||
| 008 | 110214t xxu||||| |||| 00| 0 mar d | ||
| 010 | _aMAR-20595 | ||
| 020 |
_a9788184981995 _c250.00 |
||
| 035 | _aMR-13253 | ||
| 037 | _bDBAD / PUB | ||
| 040 |
_aDPL _bMR |
||
| 082 | _a891.46301 | ||
| 100 |
_aकॅनफिल्ड,जॅक _925957 |
||
| 245 |
_aचिकन सूप फॉर द पेरेंट्स / _cजॅक कॅनफिल्ड ( आदि ) : प्रज्ञा ओक द्वारा अनुवादित |
||
| 246 |
_aChicken Soup for the Parents Soul _bJack Canfield |
||
| 260 |
_aपुणे _bमेहता पब्लिशिंग हाऊस _c2011 |
||
| 270 |
_a1941 सदाशिव पेठ,माडीवाले कॉलनी _bपुणे _e411030 |
||
| 300 |
_aसहा,293पृ. _c21 सेमी (अजिल्द) _bसचित्र |
||
| 700 |
_aओक,प्रज्ञा _925959 |
||
| 942 |
_2ddc _cMR _h891.46301 _mकॅनफि |
||
| 999 |
_c50620 _d50620 |
||